<?xml version="1.0" encoding="UTF-8"?><?xml-stylesheet type="text/xsl" href="static/style.xsl"?><OAI-PMH xmlns="http://www.openarchives.org/OAI/2.0/" xmlns:xsi="http://www.w3.org/2001/XMLSchema-instance" xsi:schemaLocation="http://www.openarchives.org/OAI/2.0/ http://www.openarchives.org/OAI/2.0/OAI-PMH.xsd"><responseDate>2026-04-27T20:11:23Z</responseDate><request verb="GetRecord" identifier="oai:uvadoc.uva.es:10324/77604" metadataPrefix="marc">https://uvadoc.uva.es/oai/request</request><GetRecord><record><header><identifier>oai:uvadoc.uva.es:10324/77604</identifier><datestamp>2025-09-23T08:26:01Z</datestamp><setSpec>com_10324_38</setSpec><setSpec>col_10324_852</setSpec></header><metadata><record xmlns="http://www.loc.gov/MARC21/slim" xmlns:doc="http://www.lyncode.com/xoai" xmlns:xsi="http://www.w3.org/2001/XMLSchema-instance" xmlns:dcterms="http://purl.org/dc/terms/" xsi:schemaLocation="http://www.loc.gov/MARC21/slim http://www.loc.gov/standards/marcxml/schema/MARC21slim.xsd">
<leader>00925njm 22002777a 4500</leader>
<datafield tag="042" ind1=" " ind2=" ">
<subfield code="a">dc</subfield>
</datafield>
<datafield tag="720" ind1=" " ind2=" ">
<subfield code="a">Nieto Rodríguez, Andrea</subfield>
<subfield code="e">author</subfield>
</datafield>
<datafield tag="260" ind1=" " ind2=" ">
<subfield code="c">2025</subfield>
</datafield>
<datafield tag="520" ind1=" " ind2=" ">
<subfield code="a">El sector vitivinícola siempre ha tenido gran relevancia para España dándose a conocer en otros países y representando gran parte de la cultura española. En concreto en Castilla y León, hay una gran variedad de viñedos y de distintas Denominaciones de Origen, colocándose como una de las comunidades autónomas más relevantes en cuanto a la producción de vino. El análisis realizado a continuación está enfocado en el sector vitivinícola en España y más en concreto en Castilla y León. Se analizarán estratégica y sobre todo contablemente las bodegas José Pariente con Denominación de Origen Rueda y la bodega Vega Sicilia con Denominación de Origen Ribera del Duero. Aunque ambas están situadas en el mismo territorio, cada una cuenta con características que las hacen diferenciarse, aunque también tienen rasgos en común. En este trabajo se analiza las debilidades, amenazas, fortalezas y oportunidades además de la cadena de valor, para conocer cuál es la posición estratégica de cada bodega. También se realiza un análisis contable de la cuenta de pérdidas y ganancias a través de los márgenes bruto, operativo y neto, del balance de situación con un análisis por porcentajes verticales y horizontales. También se analizan las rentabilidades tanto económica como financiera y, por último, los ratios, con el riesgo económico, financiero, operativo y de quiebra. En términos generales, este análisis servirá para conocer mejor la estructura de este sector y poder realizar un estudio comparativo de las cantidades y estructuras de las bodegas mencionadas anteriormente.</subfield>
</datafield>
<datafield tag="024" ind2=" " ind1="8">
<subfield code="a">https://uvadoc.uva.es/handle/10324/77604</subfield>
</datafield>
<datafield ind1=" " ind2=" " tag="653">
<subfield code="a">Vinos y vinificación - España - Castilla y León</subfield>
</datafield>
<datafield ind1=" " ind2=" " tag="653">
<subfield code="a"/>
</datafield>
<datafield tag="245" ind1="0" ind2="0">
<subfield code="a">Comparación bodega José Pariente y Vega Sicilia: análisis contable</subfield>
</datafield>
</record></metadata></record></GetRecord></OAI-PMH>